=LDR 00000nam 2200000 4500 =001 INLIS000000000044175 =005 20131008105155 =008 ***********************************Ind** =035 ##$$0010-101300000002097 =041 ##$$a Ind =082 ##$$a F Rom d =100 ##$$a Temperery alan =245 ##$$a harry dan geng keriput berburu harta karun, Temperey alan =300 ##$$a 512 hlm, 21 cm =650 ##$$a Fiksi =850 ##$$a NBPNMAT =990 ##$$a 79617961